00678cam a22002053a 45000010005000000030006000050050017000110080041000280400015000690420007000840500007000911000034000982450137001322600029002695060030002985160020003286530055003488300028004038560041004312455PGUSA20140828083015.0010101s2001||||xxu|||||s|||||000 | eng d aPGUSAbeng adc 4aBX1 aMacCaffrey, James,d1875-193510aHistory of the Catholic Church from the Renaissance to the French Revolution — Volume 2h[electronic resource] /cJames MacCaffrey bProject Gutenberg,c2001 aPublic domain in the USA. aElectronic text aCatholic Church -- History -- Modern period, 1500- 0aProject Gutenbergv245540uhttp://www.gutenberg.org/ebooks/2455